000 00934cam a2200277 a 4500
999 _c3546
_d3546
001 2979358
003 GBCCL
005 20241126110457.0
008 921116s1993 ilu b 000 0 eng
010 _a 92042717
020 _a0877888051 :
_c$8.99
040 _aDLC
_cDLC
_dDLC
050 0 0 _aBV4655
_b.B685 1993
082 0 0 _a241.52
_220
_bBRI
100 1 _aBriscoe, D. Stuart.
_93166
245 1 4 _aThe Ten commandments :
_bplaying by the rules /
_cStuart Briscoe.
250 _aRev. ed.
260 _aWheaton, Ill. :
_bHarold shaw,
_c1993.
300 _axx, 197 p. ;
_c21 cm.
440 0 _aFoundations of the faith
_97090
504 _aIncludes bibliographical references (p. 197).
630 0 0 _aTen commandments.
_93462
906 _a7
_bcbc
_corignew
_d1
_eocip
_f19
_gy-gencatlg
942 _2ddc
_cBK
_05